00885nam a22002537a 45000010005000000030006000050050017000110080041000280200018000690400029000870500017001160820011001331000019001442450041001632600043002043000054002474900016003015050008003175200149003255210020004745210020004946500058005146500059005725383FISKH20241129150010.0241129b cb ||||| |||| 00| 0 eng d a9780531266274 aFISKHbengcFISKHdFISKH aTK9152.B4265 a363.17 aBenoit, Peter  aNuclear Meltdowns /cby Peter Benoit aNew York : bChildren's Press ;c2012. a48 pages : bcolor illustrations, map ;c22 cm .  aA True Book aZ  aDescribes how nuclear power developed, how it works, and the serious health and environmental problems that ensue when the process malfunctions.8 a960 bLexile 8 aZ bRaz-Plus  aNuclear power plants- AccidentsvJuvenile literature  aNuclear energy- Safety measures vJuvenile literature